000 01191nam a2200313 a 4500
001 ebr10680841
003 CaPaEBR
006 m u
007 cr cn|||||||||
008 100624s2009 nyua s 001 0 eng d
010 _z 2010455475
020 _z1606923641
020 _z9781606923641
020 _z9781617283888 (e-book)
040 _aCaPaEBR
_cCaPaEBR
035 _a(OCoLC)667178352
050 1 4 _aJF1525.A8
_bP5 2009eb
082 0 4 _a352.3/8028544678
_222
100 1 _aPerillo, Vincent T.
245 1 0 _aE-government
_h[electronic resource] :
_binnovation, collaboration, and access /
_cVincent T. Perillo.
260 _aNew York :
_bNova Science Publishers,
_cc2009.
300 _ax, 218 p. :
_bill. (some col.)
500 _aIncludes index.
533 _aElectronic reproduction.
_bPalo Alto, Calif. :
_cebrary,
_d2013.
_nAvailable via World Wide Web.
_nAccess may be limited to ebrary affiliated libraries.
650 0 _aInternet in public administration.
655 7 _aElectronic books.
_2local
710 2 _aebrary, Inc.
856 4 0 _uhttp://site.ebrary.com/lib/rucke/Doc?id=10680841
_zAn electronic book accessible through the World Wide Web; click to view
999 _c156414
_d156414